[Event "Mechanics' Winter TNM; G/2"]
[Site "San Francisco"]
[Date "2016.02.16"]
[Round "7.4"]
[White "Winslow, Elliott C"]
[Black "Ortega, Bill"]
[Result "1-0"]
[WhiteElo "2311"]
[BlackElo "2090"]
[Annotator "Elliott Winslow"]
[PlyCount "63"]
[EventDate "2016.??.??"]

1. d4 e6 2. Nf3 b6 3. e4 Bb7 4. Bd3 Nf6 5. Nbd2 c5 6. c3 Nc6 7. a3 cxd4 ({
Relevant:} 7... d5 8. e5 Nd7 9. b4 Be7 10. O-O Qc7 11. Re1 c4 12. Bc2 O-O-O 13.
Nf1 h6 14. a4 Rdf8 15. Ba3 Nd8 16. b5 Bxa3 17. Rxa3 a5 18. Ra2 Kb8 19. Ng3 Bc8
20. Nh5 g6 21. Ng3 Rfg8 22. Qe2 Nf8 23. Qe3 Qe7 24. h3 Nd7 25. Qc1 Kc7 26. Qa3
Qxa3 27. Rxa3 Nb7 28. Ne2 Kd8 29. Nf4 Ke7 30. Raa1 Nd8 31. g4 Rg7 32. Kg2 Rgg8
33. Kg3 Rg7 34. Rh1 Rgg8 35. Rae1 Rg7 36. Kg2 Rgg8 37. Ne2 {
Cvek,R (2537) -Hinks Edwards,T (2396) Czech Republic 2015 1/2-1/2 (71)}) 8.
cxd4 d6 (8... a5 9. O-O Be7 10. Nb1 d5 11. e5 Ne4 12. Nbd2 $14) 9. O-O Be7 10.
Qe2 $14 e5 $6 (10... a5) (10... O-O) (10... a6) 11. d5 $146 ({Predecessor:} 11.
dxe5 dxe5 12. b4 O-O 13. Bb2 Nd4 14. Nxd4 exd4 15. Nb3 a5 16. bxa5 bxa5 17.
Nxd4 g6 18. Rfe1 Nh5 19. Nf5 Bg5 20. g3 Re8 21. Rad1 Qb6 22. Bd4 Qe6 23. Bc4
Ba6 24. Qg4 Bxc4 25. Qxg5 f6 26. Nh6+ Kg7 27. g4 Rad8 28. Bc3 Rxd1 29. Rxd1 Kf8
30. Qe3 Bb3 31. Rd4 Ng7 32. Bxa5 Rc8 33. Bb4+ Ke8 34. Rd6 Qc4 35. Rxf6 Qc1+ 36.
Qxc1 Rxc1+ 37. Kg2 Ne6 38. Rf7 Kd8 39. Rxh7 g5 40. Bd2 Rc5 {
Pap,M (2484)-Buecker,S (2301) Bad Wiessee 2013 1-0}) 11... Nb8 12. b4 O-O 13.
Nc4 Na6 (13... Re8) (13... g6) (13... Nbd7) (13... a6) 14. Ne3 Nc7 15. Nf5 (15.
Bb2 a5 16. Rfc1) 15... Bc8 16. Nxe7+ Qxe7 17. Nd2 (17. Bd2) (17. a4) (17. Be3)
(17. h3) 17... Bg4 18. f3 Bd7 19. Nc4 h6 20. f4 b5 {Diagram #} 21. fxe5 bxc4 (
21... dxe5 $16) 22. exf6 Qe5 {
I admit I hadn't noticed this move when I played 20.f4} (22... cxd3 23. fxe7
dxe2 24. exf8=Q+ Kxf8 25. Re1 Bb5 26. Kf2) 23. Bxc4 Qxa1 24. Bb2 Qxf1+ 25. Qxf1
g6 (25... g5) 26. Qf4 Kh7 27. Qxd6 Bb5 28. Qxc7 {easiest} Rac8 29. Qxc8 Rxc8
30. Bxb5 Rc2 31. Bd4 Rc7 32. d6 {1-0} 1-0

[Event "Mechanics' Alan Benson TNM; G/2"]
[Site "San Francisco"]
[Date "2016.08.02"]
[Round "1.1"]
[White "Winslow, Elliott C"]
[Black "Paquette, James"]
[Result "1-0"]
[WhiteElo "2321"]
[BlackElo "1730"]
[Annotator "Donaldson"]
[PlyCount "49"]
[EventDate "2016.??.??"]

1. e4 e5 2. Nf3 Nf6 3. Nxe5 d6 4. Nf3 Nxe4 5. d4 d5 6. Bd3 Bg4 7. O-O Be7 8. c4
O-O 9. cxd5 Nf6 10. h3 Bh5 11. Nc3 Nxd5 12. Be4 c6 13. Re1 Bf6 14. Qb3 Nb6 15.
Be3 Bxf3 16. Bxf3 Bxd4 $2 (16... N8d7 17. Rad1 {leaves White with a large
advantage (d4-d5 is looming), but preferable to the text which drops a piece
to a back-rank trick.}) 17. Rad1 Re8 18. Bxd4 Rxe1+ 19. Rxe1 Na6 20. Re4 Nd7
21. Rg4 Nf6 22. Bxf6 Qxf6 23. Qxb7 Re8 24. Re4 Rxe4 25. Qc8+ 1-0

[Event "Mechanics' Fall TNM; G/2"]
[Site "San Francisco"]
[Date "2016.11.01"]
[Round "3.15"]
[White "Winslow, Elliott C"]
[Black "Paquette, James"]
[Result "1-0"]
[WhiteElo "2314"]
[BlackElo "1767"]
[Annotator "Donaldson"]
[PlyCount "53"]
[EventDate "2016.??.??"]

1. d4 d6 2. c4 Nf6 3. Nc3 Nbd7 4. Nf3 e5 5. Bg5 Be7 6. Qc2 h6 7. Bh4 g5 8. Bg3
g4 9. dxe5 gxf3 10. exf6 fxg2 {Diagram [#]} 11. Bxg2 (11. fxe7 $1 gxh1=Q 12.
exd8=Q+ Kxd8 13. Qf5 {or} (13. O-O-O {in both cases with fantastic
compensation for the exchange. White has c4-c5 and Nd5 coming up.})) 11... Nxf6
12. O-O-O Rg8 13. c5 $1 Rg5 14. cxd6 cxd6 15. f4 Rc5 16. Kb1 Bf5 17. e4 Nxe4 $2
(17... Bh7 18. f5 {
with e4-e5 soon to follow leaves White with a large advantage.}) 18. Bxe4 Rxc3
19. bxc3 Qb6+ 20. Ka1 Bxe4 21. Qxe4 Rc8 22. Rhe1 Qc7 23. Bh4 Qxc3+ 24. Kb1 Kf8
25. Qxe7+ Kg8 26. Rg1+ Kh7 27. Qxf7+ 1-0

[Event "Mechanics' Summer TNM; G/2"]
[Site "San Francisco"]
[Date "2016.07.12"]
[Round "8.1"]
[White "Winslow, Elliott C"]
[Black "Shaw, Tenzing Will"]
[Result "0-1"]
[WhiteElo "2330"]
[BlackElo "2292"]
[Annotator "Donaldson"]
[PlyCount "138"]
[EventDate "2016.??.??"]

1. Nf3 (1. e4) 1... Nf6 2. d4 d5 3. c4 c6 4. e3 e6 5. b3 Nbd7 6. Bb2 Bb4+ 7.
Nbd2 O-O 8. Bd3 dxc4 9. bxc4 Nc5 10. Bc2 Nce4 11. O-O Nxd2 12. Nxd2 b6 13. Ne4
Ba6 14. Qd3 g6 15. Nxf6+ Qxf6 16. f4 c5 17. Qb3 Qe7 18. Be4 Rad8 19. a3 Ba5 20.
Rfd1 cxd4 21. Bxd4 Rc8 22. Rac1 Rfd8 23. Bd3 f6 24. Qb2 Kf7 25. Qf2 f5 26. h3
h5 27. Qe2 Bb7 28. Kh2 Qxa3 29. c5 Bd5 30. Ra1 Qb4 31. Rdb1 Bb3 32. Qb2 bxc5
33. Qxb3 Qxb3 34. Rxb3 Bb6 35. Ba6 cxd4 36. Bxc8 Rxc8 $11 37. exd4 Rd8 38. Rd1
Rxd4 39. Rxd4 Bxd4 40. Kg3 Kf6 41. Kf3 e5 42. h4 (42. fxe5+) 42... e4+ {
Black offers a draw.} 43. Ke2 Bb6 44. Kd2 {The start of an ill-advised plan to
activate the king, albeit at the cost of kingside pawns. A win in this game
means a tie for first and a draw a three way tie for second.} Ke6 45. Kc3 Bf2
46. Ra3 Bxh4 47. Ra6+ Kf7 48. Rxa7+ Kf6 49. Ra6+ $11 Kg7 50. Kd4 $2 {
Diagram [#]} (50. Kd2 $11) 50... Bg3 (50... Bf2+ $1 51. Ke5 (51. Kc3 Be3) 51...
Bg3 52. Rc6 h4 53. Ra6 e3 54. Ra2 Kh6 55. Rc2 Kh5 56. Ra2 Kg4) 51. Ke5 (51. Ke3
$11) 51... e3 (51... h4 {to bring the king to g4 at the right moment.}) 52.
Ra7+ {Forcing the king where it wants to go.} (52. Ra2 h4 53. Kd4 Bxf4 54. Kd3
Kh6 55. Ke2 Kh5 56. Kf3 g5 57. Ra8 {
still draws because Black's bishop is tied to the defense of the e-pawn.})
52... Kh6 53. Ra2 h4 $1 54. Re2 Bf2 55. Kd4 Kh5 56. Kd3 Kg4 57. Ra2 Kxf4 58.
Ke2 g5 59. Kf1 g4 60. Ra5 h3 61. gxh3 gxh3 62. Ra8 Kf3 63. Ra3 Kg3 64. Ra8 h2
65. Rh8 f4 66. Rh7 Bg1 67. Ke2 f3+ 68. Kd1 e2+ 69. Kd2 Kf2 0-1

[Event "Mechanics' Winter TNM; G/2"]
[Site "San Francisco"]
[Date "2016.01.05"]
[Round "1.1"]
[White "Winslow, Elliott C"]
[Black "Sherwood, Peter"]
[Result "1-0"]
[WhiteElo "2311"]
[BlackElo "1671"]
[Annotator "Donaldson"]
[PlyCount "73"]
[EventDate "2016.??.??"]

1. d4 Nf6 2. c4 g6 3. Nc3 d5 4. cxd5 Nxd5 5. e4 Nxc3 6. bxc3 Bg7 7. Nf3 O-O (
7... c5 {is considered more accurate as Black needs to put immediate pressure
on White center.}) 8. Be2 c5 9. O-O Nc6 10. d5 $1 Ne5 (10... Bxc3 11. Rb1 (11.
dxc6 Qxd1 12. Rxd1 Bxa1 13. Bh6 Bg7) (11. Bh6 Ne5 12. Bxf8 Bxa1 13. Bxe7 Qxe7
14. Qxa1 Nxf3+ 15. Bxf3) 11... Ne5) 11. Nxe5 Bxe5 12. Bh6 Bg7 13. Bxg7 Kxg7 14.
f4 $16 Qc7 15. Qd2 Bd7 16. c4 Rad8 17. Rab1 b6 18. Rb3 Bc8 19. h4 h5 20. a4 Bd7
21. a5 bxa5 22. Rfb1 Qd6 23. e5 Qa6 24. Qe3 Rc8 25. Rb7 Bf5 26. R1b2 Rfe8 27.
Qc3 a4 28. R7b5 a3 ({with the threat} 28... -- 29. Ra5 {trapping the queen.})
29. Ra2 ({On} 29. Ra5 $2 {I (PS) had planned} axb2 ({but even better is} 29...
Qxa5 30. Qxa5 axb2 31. Qe1 b1=Q 32. Qxb1 Bxb1) 30. Rxa6 b1=Q+) 29... Rc7 30.
Rxa3 Qc8 {Diagram #} 31. d6 {The start of a nice tactic.} Rb7 32. e6+ f6 33. d7
Rxd7 34. exd7 Bxd7 35. Rb2 Qc7 36. Qg3 Bf5 37. Rba2 1-0

[Event "Mechanics' Alan Benson TNM; G/2"]
[Site "San Francisco"]
[Date "2016.09.13"]
[Round "7.3"]
[White "Winslow, Elliott C"]
[Black "Smith III, Mahlon"]
[Result "1-0"]
[WhiteElo "2321"]
[BlackElo "2064"]
[Annotator "Winslow,Elliott"]
[PlyCount "65"]
[EventDate "2016.??.??"]

1. d4 Nf6 2. Nf3 g6 3. c4 Bg7 4. Nc3 d5 5. cxd5 Nxd5 6. e4 Nxc3 7. bxc3 O-O 8.
Be2 c5 9. O-O Nc6 10. d5 Na5 11. Be3 Qc7 12. Rc1 Rd8 13. c4 b6 14. Nd2 Nb7 15.
f4 Nd6 16. g4 f6 17. h4 {Caveman Chess} e6 18. Qe1 Qe7 19. Bf3 Bb7 20. Qf2 Re8
21. Rfe1 Qd7 22. Qg3 Nf7 23. Qg2 Re7 24. dxe6 Qxe6 25. e5 Bxf3 26. Qxf3 Rae8
27. Bf2 fxe5 28. f5 gxf5 29. gxf5 Qh6 30. Ne4 Qf4 31. Qh5 Nh6 32. f6 Bxf6 33.
Bg3 1-0

[Event "Mechanics' Alan Benson TNM; G/2"]
[Site "San Francisco"]
[Date "2016.09.20"]
[Round "8.1"]
[White "Winslow, Elliott C"]
[Black "Stearman, Josiah P"]
[Result "1-0"]
[WhiteElo "2321"]
[BlackElo "2315"]
[Annotator "Winslow,Elliott"]
[PlyCount "71"]
[EventDate "2016.??.??"]

1. Nf3 Nf6 2. d4 g6 3. c4 Bg7 4. g3 {White's options in the Fianchetto lines
of the Kings Indian Defense -- and the Gruenfeld! -- are somewhat limited by
his already playing Nf3.} b6 {This sends the game into experimental mode.} (
4... O-O 5. Bg2 d6 {KID} (5... d5 6. cxd5 Nxd5 {Gruenfeld}) (5... c6 6. O-O (6.
d5 b5 $5) 6... d5 {Slav-Gruenfeld})) 5. Bg2 Bb7 6. O-O O-O 7. d5 $5 (7. Nc3 Ne4
{feels more like a Queens Indian than a Kings Indian...}) 7... b5 $2 {
Mutual hypnosis.} (7... Ne4 8. Nfd2 Nc5 9. Nb3 Nba6 {
is a curious sequence out of Stockfish.}) 8. Nc3 {
Planning to just gambit a pawn (at least for a while).} (8. cxb5 Nxd5) (8. Qb3
$5 Qc8 9. Qxb5 c6 10. dxc6 Bxc6 11. Qb3 d6 {will leave White hard-pressed to
make his pawn matter -- but I'd have played it if I'd noticed it! (It's better
to grab than to relinquish I always say)}) 8... bxc4 9. e4 c6 10. Nd2 ({
Guess who likes} 10. d6 {? -- hint: not a human.}) 10... Qc7 11. Re1 d6 {
There are other tries, but Black has to develop some day.} 12. Qa4 Nbd7 13.
Nxc4 {as does White (Bc1, Ra1....)} Nc5 14. Qc2 Ba6 15. b3 Bxc4 {
Poor computer thinks Black's "best" 7 moves are all equal.} (15... Nfxe4 16.
Bxe4 Nxe4 17. Rxe4 Bxc3 18. Qxc3 cxd5 19. Re1 dxc4 20. Bh6 f6 21. Bxf8 Rxf8 {
for example....}) 16. bxc4 Qa5 (16... Ng4) (16... cxd5 17. exd5 Rab8 (17... Ng4
)) 17. Bd2 Qa6 (17... Ng4) 18. dxc6 $1 {Finally the game blows up.} Qxc4 (18...
Ng4 19. Nd5 $5) 19. Bf1 Qe6 20. Rab1 Rfc8 (20... Rac8) 21. Bg2 Ng4 22. e5 Bxe5
23. c7 Qf6 24. Re2 e6 25. Bxa8 Rxc7 26. f3 Bd4+ 27. Kg2 Ne5 28. Rb8+ Kg7 29.
Qc1 h5 30. Bh6+ Kh7 31. Bg5 Qf5 32. Nb5 Bb2 33. Qxb2 Ncd3 34. Qd2 d5 35. Nd4
Nc4 36. Nxf5 {Black's flag fell in a lost position.} 1-0

[Event "Mechanics' Spring TNM; G/2"]
[Site "San Francisco"]
[Date "2016.04.26"]
[Round "7.1"]
[White "Winslow, Elliott C"]
[Black "Stearman, Josiah P"]
[Result "1/2-1/2"]
[WhiteElo "2295"]
[BlackElo "2196"]
[Annotator "Winslow"]
[PlyCount "109"]
[EventDate "2016.??.??"]

1. d4 d5 2. c4 e6 3. Nf3 c6 4. Nc3 f5 5. g3 Nf6 6. Bg2 Bd6 7. O-O O-O 8. Qc2
Nbd7 $2 (8... Ne4 9. Rb1) (8... Qe7 9. Bg5) (8... Bd7) (8... Qe8) (8... b6) 9.
cxd5 cxd5 (9... Nxd5 10. e4 Nxc3 11. bxc3 Nb6 12. a4 $16 {
Abregu-Araoz, Buenos Aires 1993 (Avrukh)}) 10. Nb5 Bb8 11. Bf4 b6 $2 (11...
Bxf4 12. gxf4 Nb6 ({"Clearly inferior is"} 12... Ne8 13. Rfc1 a6 14. Nc7 Nxc7
15. Qxc7 Qxc7 16. Rxc7 Rf6 17. Rac1 $16 {
Gabdrakhmanov-Gubajdullin, Kazan 2007 (Avrukh)}) 13. Nc7 Rb8 14. Ng5 Qd6 15.
Qc5 Rd8 (15... Qxc5 16. dxc5 Na4 17. Rfc1 Nxb2 18. Ngxe6 Bxe6 19. Nxe6 Rfc8 $14
) 16. Rfc1 $1 $146 {(Avrukh)}) 12. Qc6 Ba6 13. Qxa8 (13. Qxe6+ Kh8 14. Nd6 Bxd6
15. Bxd6 Re8 16. Qxf5 Rxe2 17. Rfe1) 13... Bxb5 14. Bxb8 (14. Rfe1) 14... Nxb8
15. Qxa7 Na6 16. Ne5 Ng4 17. a4 Bxe2 18. Rfe1 Nxe5 19. Rxe2 Nb4 20. a5 Nc4 21.
axb6 Nc6 22. Qc7 (22. Qa6) 22... Nxd4 23. Ree1 Qxc7 24. bxc7 Kf7 25. Ra7 (25.
Ra6 Rc8 26. Rexe6 Nxe6 27. Bxd5 Rxc7 28. Bxe6+ Kf8 29. Bxf5 g6 30. b3) 25...
Rc8 26. b3 Nd6 27. Rd1 N4b5 28. Raa1 Rxc7 29. Bf1 Nc3 30. Rdc1 d4 31. Kg2 Rb7
32. Ra6 Ke7 33. Re1 Nce4 34. Ra4 Rxb3 35. Rxd4 e5 36. Rd3 Rb2 37. Re2 Rb5 38.
f3 Nf6 39. Red2 Rb6 40. Ra3 Ke6 41. Ra6 Rxa6 42. Bxa6 g5 43. Be2 h5 44. h3 Nd5
45. Rb2 h4 46. gxh4 gxh4 47. Kf2 Nf4 48. Bf1 e4 49. Ra2 Nd5 50. fxe4 fxe4 51.
Ra8 Ke5 52. Rh8 Nf5 53. Be2 e3+ 54. Ke1 Ng3 55. Rxh4 {
1/ 2-1/2 (55) Winslow,E (2295)-Stearman,J (2195) Berkeley 2016} 1/2-1/2

[Event "Mechanics' Summer TNM; G/2"]
[Site "San Francisco"]
[Date "2016.06.14"]
[Round "4.2"]
[White "Winslow, Elliott C"]
[Black "Walder, Michael S"]
[Result "1-0"]
[WhiteElo "2330"]
[BlackElo "2128"]
[PlyCount "77"]
[EventDate "2016.??.??"]

1. e4 e6 2. d4 d5 3. Nd2 c5 4. Ngf3 Nc6 5. exd5 exd5 6. Bb5 Bd6 7. dxc5 Bxc5 8.
O-O Nge7 9. Nb3 Bd6 10. Bxc6+ bxc6 11. Qd4 O-O 12. Bf4 Nf5 13. Qd2 Qf6 14. Bxd6
Qxd6 15. Qc3 Rb8 16. Rfd1 Re8 17. Nfd4 Rb6 18. Re1 Re4 19. f3 Re7 20. Rxe7 Nxe7
21. Re1 h6 22. a4 Bd7 23. Nc5 Nf5 24. a5 Rb8 25. b4 Nxd4 26. Qxd4 Bf5 27. c3
Qg6 28. g4 Bc2 29. Re7 Qg5 30. Re2 Bg6 31. Kg2 h5 32. h3 hxg4 33. hxg4 Qh4 34.
Nd7 Rd8 35. Ne5 Rd6 36. Qxa7 Re6 37. Qf2 Qe7 38. Nxg6 fxg6 39. Rxe6 1-0

[Event "Mechanics' Winter TNM; G/2"]
[Site "San Francisco"]
[Date "2016.01.26"]
[Round "4.4"]
[White "Wong, Russell"]
[Black "Bayaraa, Chinguun"]
[Result "1/2-1/2"]
[WhiteElo "2200"]
[BlackElo "1889"]
[PlyCount "47"]
[EventDate "2016.??.??"]

1. e4 c5 2. Ne2 d6 3. g3 Nf6 4. Bg2 Nc6 5. Nbc3 e6 6. O-O Be7 7. d4 cxd4 8.
Nxd4 e5 9. Nde2 O-O 10. Nd5 Nxd5 11. exd5 Nb8 12. c4 f5 13. Be3 Nd7 14. Rc1 Bg5
15. f4 Bf6 16. Qd2 e4 17. g4 fxg4 18. Bxe4 Qe7 19. Ng3 Nc5 20. Bxc5 dxc5 21.
Rce1 Qd6 22. Kg2 Bd4 23. Ne2 Bf6 24. Qd3 {Remaining moves unavailable.} 1/2-1/2

[Event "Mechanics' Spring TNM; G/2"]
[Site "San Francisco"]
[Date "2016.03.15"]
[Round "1.8"]
[White "Wong, Russell"]
[Black "Bertot, German"]
[Result "1-0"]
[WhiteElo "2200"]
[BlackElo "1589"]
[PlyCount "55"]
[EventDate "2016.??.??"]

1. e4 e5 2. Nc3 Nf6 3. f4 d6 4. Nf3 Nc6 5. Bb5 Bd7 6. d3 Nd4 7. Bxd7+ Qxd7 8.
fxe5 Nxf3+ 9. Qxf3 dxe5 10. Bg5 Be7 11. Bxf6 Bxf6 12. Nd5 Be7 13. Qg3 f6 14.
O-O-O Bd6 15. h4 O-O-O 16. h5 c6 17. Ne3 Rhg8 18. Nf5 Qf7 19. Kb1 a5 20. d4 Bc7
21. d5 cxd5 22. exd5 Qd7 23. Qf2 Kb8 24. d6 Ka8 25. Qc5 Bb8 26. Qxa5+ Ba7 27.
Ne7 Rge8 28. Nd5 1-0

[Event "Mechanics' Summer TNM; G/2"]
[Site "San Francisco"]
[Date "2016.05.31"]
[Round "2.20"]
[White "Wong, Russell"]
[Black "Campers Jr, Willie"]
[Result "1-0"]
[WhiteElo "2200"]
[BlackElo "1774"]
[PlyCount "54"]
[EventDate "2016.??.??"]

1. e4 c5 2. Ne2 Nc6 3. Nbc3 a6 4. a4 d6 5. g3 Bg4 6. Bg2 Nd4 7. h3 Bf3 8. Bxf3
Nxf3+ 9. Kf1 Ne5 10. f4 Nc6 11. Kg2 Nf6 12. d3 g6 13. Nd5 Bg7 14. Nxf6+ exf6
15. f5 O-O 16. Nc3 Nb4 17. g4 d5 18. Nxd5 Nxd5 19. exd5 Qxd5+ 20. Qf3 Qd7 21.
Bd2 c4 22. Bc3 cxd3 23. Rhd1 Qc7 24. Rxd3 Rfe8 25. Rad1 b5 26. Rd7 Qc4 27. R1d4
Qe2+ {White went on to win. Remaining moves unavailable.} 1-0

[Event "Mechanics' Spring TNM; G/2"]
[Site "San Francisco"]
[Date "2016.04.26"]
[Round "7.3"]
[White "Wong, Russell"]
[Black "Doyle, Bryon"]
[Result "0-1"]
[WhiteElo "2200"]
[BlackElo "2206"]
[PlyCount "66"]
[EventDate "2016.??.??"]

1. d4 Nf6 2. Bg5 g6 3. Bxf6 exf6 4. g3 Bg7 5. Bg2 O-O 6. e3 d5 7. Ne2 c6 8. O-O
Re8 9. Nd2 Bg4 10. h3 Bxe2 11. Qxe2 f5 12. Qd3 Nd7 13. Rab1 a5 14. b3 Nf6 15.
c4 Bf8 16. c5 Ne4 17. Rfc1 Qb8 18. Rc2 h5 19. Nxe4 fxe4 20. Qe2 Qc8 21. Bf1 Be7
22. a4 h4 23. g4 Bd8 24. Rcb2 Bc7 25. Bg2 Bb8 26. b4 axb4 27. Rxb4 Re7 28. Qb2
Ra7 29. Kf1 Kg7 30. Ke2 Qc7 31. Bf1 Qh2 32. Ke1 Qh1 33. Qe2 Bh2 {
Black went on to win. Remaining moves unavailable.} 0-1

[Event "Mechanics' Summer TNM; G/2"]
[Site "San Francisco"]
[Date "2016.06.21"]
[Round "5.11"]
[White "Wong, Russell"]
[Black "Kokish, Iris Roberta"]
[Result "1-0"]
[WhiteElo "2200"]
[BlackElo "1855"]
[PlyCount "51"]
[EventDate "2016.??.??"]

1. e4 d6 2. d4 Nf6 3. Nc3 g6 4. Bf4 Bg7 5. Qd2 Nbd7 6. Bh6 O-O 7. O-O-O e5 8.
Bxg7 Kxg7 9. dxe5 Nxe5 10. f4 Nc6 11. Nf3 Re8 12. Bb5 Nxe4 13. Nxe4 Rxe4 14.
Bd3 Ra4 15. Bb5 Re4 16. Ng5 Rd4 17. Qe3 Qf6 18. Ne4 Rxd1+ 19. Rxd1 Qd8 20. Qc3+
f6 21. Bxc6 bxc6 22. Re1 Kf7 23. Qxc6 Bf5 24. Qd5+ Kg7 25. Ng3 Bd7 26. f5 $11 {
White went on to win. Remaining moves are unavailable.} 1-0

[Event "Mechanics' Alan Benson TNM; G/2"]
[Site "San Francisco"]
[Date "2016.08.23"]
[Round "4.6"]
[White "Wong, Russell"]
[Black "Kondakov, Adrian"]
[Result "1-0"]
[WhiteElo "2200"]
[BlackElo "1946"]
[PlyCount "107"]
[EventDate "2016.??.??"]

1. e4 e6 2. d4 d5 3. Nc3 Bb4 4. e5 c5 5. Bd2 a6 6. a3 Bxc3 7. Bxc3 Nc6 8. Qg4
Nge7 9. dxc5 d4 10. O-O-O Nf5 11. Nf3 h5 12. Qe4 Qd5 13. Qxd5 exd5 14. Nxd4
Nfxd4 15. Bxd4 Be6 16. Be2 O-O-O 17. f4 Rd7 18. b4 a5 19. c3 axb4 20. cxb4 Rc7
21. Kb2 Kb8 22. Be3 Ne7 23. Bf3 g6 24. Rd2 Nf5 25. Bf2 Rd7 26. Rhd1 Rhd8 27. h3
d4 28. g4 hxg4 29. hxg4 Nh6 30. Rxd4 Rxd4 31. Rxd4 Rxd4 32. Bxd4 Nxg4 33. Kc3
Kc7 34. b5 Nh6 35. a4 Nf5 36. a5 Bd7 37. Be2 Ng7 38. Kb4 Ne6 39. Be3 Ng7 40.
b6+ Kb8 41. a6 bxa6 42. Bxa6 Nf5 43. Bf2 Ne7 44. Kc4 Be6+ 45. Kd4 Nc6+ 46. Kc3
Ne7 47. Bg3 Nd5+ 48. Kd4 Ne7 49. Bh4 Nf5+ 50. Ke4 Nxh4 51. c6 Bf5+ 52. Kd5 Be6+
53. Kc5 Ka8 54. c7 1-0

[Event "Mechanics' Winter TNM; G/2"]
[Site "San Francisco"]
[Date "2016.01.12"]
[Round "2.30"]
[White "Wong, Russell"]
[Black "Lagrotta, Daniel S"]
[Result "1-0"]
[WhiteElo "2200"]
[BlackElo "1653"]
[PlyCount "63"]
[EventDate "2016.??.??"]

1. e4 c5 2. Nf3 d6 3. d4 cxd4 4. Nxd4 Nf6 5. Nc3 a6 6. g3 g6 7. Bg2 Bg7 8. O-O
O-O 9. h3 Qc7 10. Bg5 Nc6 11. Bxf6 Bxf6 12. Nd5 Qd8 13. Nxf6+ exf6 14. Nxc6
bxc6 15. Qd4 Qe7 16. Rad1 Rd8 17. Rd2 c5 18. Qc3 Bb7 19. Rfd1 Rd7 20. h4 Rad8
21. Qa5 Qe5 22. Qb6 Kg7 23. c4 Qe6 24. b4 Qxc4 25. bxc5 Qb5 26. Qxb5 axb5 27.
cxd6 Ra8 28. Rb1 Ra4 29. f3 b4 30. Rc1 Kf8 31. Rc7 Ke8 32. Bh3 1-0

[Event "Mechanics' Alan Benson TNM; G/2"]
[Site "San Francisco"]
[Date "2016.09.06"]
[Round "6.6"]
[White "Wong, Russell"]
[Black "Maser, Thomas F"]
[Result "1-0"]
[WhiteElo "2200"]
[BlackElo "1927"]
[PlyCount "52"]
[EventDate "2016.??.??"]

1. e4 e5 2. Nc3 Nf6 3. f4 d6 4. Nf3 Nbd7 5. d4 exd4 6. Qxd4 c5 7. Qd2 a6 8. a4
Be7 9. Bd3 Qa5 10. O-O c4 11. Bxc4 b5 12. Bxf7+ Kxf7 13. e5 Bb7 14. Ng5+ Ke8
15. exf6 gxf6 16. Ne6 b4 17. Ne2 Rg8 18. Ng3 Rc8 19. Rf2 h5 20. Nd4 Qd5 21.
Ndf5 Nc5 22. Re2 Rc7 23. Nxd6+ Kf8 24. Nxb7 Qxb7 25. f5 Rd7 26. Qh6+ Kf7 1-0

[Event "Mechanics' Alan Benson TNM; G/2"]
[Site "San Francisco"]
[Date "2016.08.09"]
[Round "2.16"]
[White "Wong, Russell"]
[Black "McKellar, Daniel"]
[Result "1/2-1/2"]
[WhiteElo "2200"]
[BlackElo "1745"]
[PlyCount "85"]
[EventDate "2016.??.??"]

1. e4 e6 2. d4 d5 3. Nc3 dxe4 4. Nxe4 Bd7 5. Nf3 Bc6 6. Bd3 Nd7 7. Qe2 Ngf6 8.
Neg5 Bxf3 9. Qxf3 c6 10. O-O h6 11. Qh3 Qe7 12. Bd2 O-O-O 13. Rfe1 g6 14. a3
Bg7 15. Bb4 Qe8 16. Nxe6 fxe6 17. Rxe6 Qf7 18. Bc4 Nd5 19. Bxd5 cxd5 20. Bd6
Bxd4 21. Re7 Qxf2+ 22. Kh1 Rhf8 23. Ree1 Rde8 24. Red1 Re3 25. Qg4 Re4 26. Qxg6
Qf6 27. Qg3 Bf2 28. Qd3 Qxd6 29. Qxe4 dxe4 30. Rxd6 e3 31. Re6 Kd8 32. g3 Re8
33. Rxe8+ Kxe8 34. Kg2 Ne5 35. b3 Ng4 36. Kf3 Nxh2+ 37. Ke2 Kf7 38. Rh1 Ng4 39.
Rh4 Nf6 40. Rxh6 Bxg3 41. Rh3 Bf2 42. c4 Ke6 43. Rh8 1/2-1/2

[Event "Mechanics' Summer TNM; G/2"]
[Site "San Francisco"]
[Date "2016.06.07"]
[Round "3.10"]
[White "Wong, Russell"]
[Black "Melville, Cailen"]
[Result "1-0"]
[WhiteElo "2200"]
[BlackElo "1901"]
[Annotator "Donaldson"]
[PlyCount "60"]
[EventDate "2016.??.??"]

1. e4 e6 2. d4 d5 3. Nc3 dxe4 4. Nxe4 b6 5. Nf3 Bb7 6. Bb5+ c6 7. Bd3 Nf6 8.
Qe2 Nxe4 9. Bxe4 Qc7 10. O-O Nd7 11. c4 O-O-O 12. Bg5 Re8 13. Bh4 h6 14. Bg3
Bd6 15. c5 Bxg3 16. hxg3 bxc5 17. Rac1 g5 18. dxc5 f5 19. Bd3 f4 20. Nd2 Kb8
21. Rc3 Re7 22. Ba6 Qe5 23. Ne4 $1 Ba8 (23... Bxa6 24. Qxa6 Qxe4 25. Rb3+ Nb6
26. cxb6) 24. Rb3+ Kc7 25. Qd2 Nxc5 26. Qa5+ Kd7 27. Nxc5+ Ke8 28. Re1 Qd5 29.
Rd3 Qf5 30. g4 Qxg4 {In view of 31.Rd8+ or 31.Qd8+.} 1-0

[Event "Mechanics' Fall TNM; G/2"]
[Site "San Francisco"]
[Date "2016.12.06"]
[Round "8.2"]
[White "Wong, Russell"]
[Black "O'Connor, Derek"]
[Result "1-0"]
[WhiteElo "2200"]
[BlackElo "2157"]
[PlyCount "121"]
[EventDate "2016.??.??"]

1. e4 c6 2. d3 d5 3. Nd2 e5 4. Ngf3 Bd6 5. d4 exd4 6. exd5 cxd5 7. Be2 Ne7 8.
O-O Bf5 9. Nxd4 Bg6 10. Nb5 Bc5 11. Nb3 Bb6 12. c4 a6 13. c5 axb5 14. Bxb5+
Nbc6 15. cxb6 Qxb6 16. a4 O-O 17. Be3 Qc7 18. Rc1 Rfd8 19. a5 d4 20. Bg5 Rd5
21. Bxe7 Rxb5 22. Bc5 Qd7 23. Bb6 Qd5 24. Nxd4 Bh5 25. Nxc6 Qxd1 26. Rfxd1 Bxd1
27. Nd4 Rxb2 28. Rxd1 Rc8 29. Nf5 Rd2 30. Re1 Re2 31. Kf1 Rxe1+ 32. Kxe1 Re8+
33. Kd2 Re6 34. Kd3 Rf6 35. g4 h5 {Diagram [#]} 36. Bd4 $1 Ra6 37. Bb6 hxg4 38.
Nd6 Ra8 39. Kc4 Kf8 40. Nxb7 Ke7 41. Nc5 Kd6 42. Kb5 Ke5 43. Na6 Kf4 44. Nc7
Rc8 45. a6 Kf3 46. Kc6 Kg2 47. Kd7 Rb8 48. a7 Rxb6 49. a8=Q+ Kxh2 50. Nd5 Rb2
51. Qa7 Kg2 52. Qe3 Rxf2 53. Nf4+ Kg1 54. Nd3 g3 55. Qxg3+ Rg2 56. Qe1+ Kh2 57.
Nf4 Ra2 58. Qh4+ Kg1 59. Qg3+ Kh1 60. Qf3+ Kg1 61. Ne2+ 1-0

[Event "Mechanics' Spring TNM; G/2"]
[Site "San Francisco"]
[Date "2016.03.29"]
[Round "3.7"]
[White "Wong, Russell"]
[Black "Ochoa, Jason"]
[Result "1-0"]
[WhiteElo "2200"]
[BlackElo "1893"]
[PlyCount "53"]
[EventDate "2016.??.??"]

1. e4 c5 2. Ne2 g6 3. d4 Bg7 4. dxc5 Qa5+ 5. Nbc3 Qxc5 6. Be3 Qa5 7. Bd4 Nf6 8.
e5 Ng4 9. e6 Qf5 10. exf7+ Qxf7 11. f3 Nf6 12. Nb5 Na6 13. Nec3 O-O 14. Qd2 Nb4
15. Nc7 d6 16. Nxa8 Bf5 17. Bd3 Nxd3+ 18. cxd3 Rxa8 19. O-O e5 20. Bf2 d5 21.
Rfe1 Nd7 22. d4 Rd8 23. Bh4 Rc8 24. dxe5 Nxe5 25. Qxd5 Be6 26. Qd6 Re8 27. Rxe5
1-0